000
00261nam a2200097Ia 4500
001
1219828
005
20250827092759.0
008
250824s9999 xx 000 0 und d
245
0
_a
HOLLOW MALİKANESİ CİNAYETİ
_c
AGATHA CHİRİSTİE
260
_b
ALTIN KİTAPLAR
999
_c
1219828
_d
1219828